000 00495nam a2200169Ia 4500
008 190717s9999 xx 000 0 und d
100 _aHinunangan, Thaddeus
245 _aMinimizing lab errors/
245 _cThaddeus Hinunangan
260 _bFAME Inc.
260 _c2018
300 _aPages 26-28, June 2018
440 _aHealth and Lifestyle: The Enabler of Dreams
_v12/30/1899 5:06:00 PM
650 _aClinical diagnosis
650 _aLaboratory errors
650 _aLaboratory methods
999 _c361968
_d361968